Taylor Swift - Paroles Soon You'll Get Better (feat. The Chicks) - Statistiques

Statistiques générales
  • Ce quiz a été pris 19 fois
  • Le résultat moyen est 216 sur 246
Statistiques - réponses
Hint Réponse % Correct
a
100%
ah,
100%
all
100%
am
100%
better
100%
'Cause
100%
do
100%
get
100%
I
100%
it
100%
it,
100%
Refrain Ooh
100%
so
100%
soon
100%
Couplet 1 The
100%
the
100%
to
100%
to?
100%
you
100%
You
100%
you?
100%
you'll
100%
about
92%
And
92%
and
92%
have
92%
If
92%
if
92%
It's
92%
make
92%
me
92%
no
92%
supposed
92%
talk
92%
there
92%
there's
92%
this
92%
Pré-refrain This
92%
was
92%
What
92%
bad
83%
But
83%
ever
83%
first
83%
hate
83%
know
83%
like
83%
my
83%
of
83%
That
83%
that
83%
time
83%
we
83%
were
83%
won't
83%
back
75%
didn't
75%
go
75%
hair
75%
in
75%
In
75%
Jesus
75%
normal,
75%
now
75%
scared
75%
when
75%
been
67%
best
67%
coat
67%
deal
67%
faith,
67%
hoping,
67%
I'll
67%
just
67%
never
67%
people
67%
pray
67%
say
67%
see
67%
tell
67%
too
67%
up
67%
years
67%
bottles,
58%
doctor's
58%
each
58%
find
58%
isn't
58%
lighting,
58%
mirror
58%
night
58%
not
58%
nurses,
58%
office
58%
orange
58%
pretend
58%
real
58%
saying
58%
sky
58%
tangled
58%
try
58%
buttons
50%
day
50%
delusion
50%
Desperate
50%
Holy
50%
keep
50%
kitchen
50%
nicer
50%
because
42%
brighten
42%
neon,
42%
paint
42%
Aucun quiz correspondant
Distribution des résultats
% des personnes avec chaque résultat
Percentile par nombre de réponses
Votre historique - résultats
Vous n’avez pas pris ce quiz